Adult and child care : (Record no. 3580)

000 -LEADER
fixed length control field 00919pam a2200277 i 4500
003 - CONTROL NUMBER IDENTIFIER
control field OSt
005 - DATE AND TIME OF LATEST TRANSACTION
control field 20220124111141.0
008 - FIXED-LENGTH DATA ELEMENTS--GENERAL INFORMATION
fixed length control field 760723s1977 moua b 001 0 eng
020 ## - INTERNATIONAL STANDARD BOOK NUMBER
International Standard Book Number 0801604443
040 ## - CATALOGING SOURCE
Transcribing agency ALUPE UNIVERSITY COLLEGE
050 00 - LIBRARY OF CONGRESS CALL NUMBER
Classification number RT41
Item number .B27 1977
060 ## - NATIONAL LIBRARY OF MEDICINE CALL NUMBER
Classification number WY100 B234a
100 1# - MAIN ENTRY--PERSONAL NAME
Personal name Barber, Janet Miller.
245 10 - TITLE STATEMENT
Title Adult and child care :
Remainder of title a client approach to nursing /
Statement of responsibility, etc. Janet Miller Barber, Lillian Gatlin Stokes, Diane McGovern Billings.
250 ## - EDITION STATEMENT
Edition statement 2d ed.
260 ## - PUBLICATION, DISTRIBUTION, ETC.
Place of publication, distribution, etc. St. Louis :
Name of publisher, distributor, etc. C. V. Mosby Co.,
Date of publication, distribution, etc. 1977.
300 ## - PHYSICAL DESCRIPTION
Extent xiv, 1036 p. :
Other physical details ill. ;
Dimensions 27 cm.
504 ## - BIBLIOGRAPHY, ETC. NOTE
Bibliography, etc. note Includes bibliographies and index.
650 #0 - SUBJECT ADDED ENTRY--TOPICAL TERM
Topical term or geographic name entry element Nursing.
650 #0 - SUBJECT ADDED ENTRY--TOPICAL TERM
Topical term or geographic name entry element Pediatric nursing.
650 #2 - SUBJECT ADDED ENTRY--TOPICAL TERM
Topical term or geographic name entry element Nursing care.
700 1# - ADDED ENTRY--PERSONAL NAME
Personal name Stokes, Lillian Gatlin,
Relator term joint author.
700 1# - ADDED ENTRY--PERSONAL NAME
Personal name Billings, Diane McGovern,
Relator term joint author.
906 ## - LOCAL DATA ELEMENT F, LDF (RLIN)
a 7
b cbc
c orignew
d 1
e ocip
f 19
g y-gencatlg
942 ## - ADDED ENTRY ELEMENTS (KOHA)
Source of classification or shelving scheme
Koha item type Book
Suppress in OPAC PW
Holdings
Withdrawn status Lost status Source of classification or shelving scheme Damaged status Not for loan Permanent Location Current Location Shelving location Date acquired Source of acquisition Total Checkouts Full call number Barcode Date last seen Price effective from Koha item type Public note
          AU LIBRARY AU LIBRARY Open Shelf 24.01.2022 DONATION FROM MOI UNIVERSITY   RT41 .B27 1977 28004526 24.01.2022 24.01.2022 Book PW

Powered by Koha